[Event "FIDE World Cup Mexico Qual"]
[Site "Mexico City"]
[Date "2021.05.30"]
[Round "9"]
[White "Venegas Ocampo, Pablo Juan Jose"]
[Black "Montes Orozco, Miguel Angel"]
[Result "1-0"]
[WhiteElo "2149"]
[BlackElo "1679"]
[PlyCount "147"]
[EventDate "2021.05.26"]
[EventType "swiss"]
[EventRounds "9"]
[EventCountry "MEX"]
[SourceTitle "CBM 202 Extra"]
[Source "ChessBase"]
[SourceDate "2021.07.31"]
[SourceVersion "1"]
[SourceVersionDate "2021.07.31"]
[SourceQuality "1"]

1. d4 d5 2. c4 c6 3. Nf3 Nf6 4. Nc3 dxc4 5. a4 Bf5 6. e3 e6 7. Bxc4 Bb4 8. 0-0 0-0 9. Ne5 Nbd7 10. Nd3 Bd6 11. f3 e5 12. dxe5 Nxe5 13. Nxe5 Bxe5 14. Qe2 Qc7 15. g4 Be6 16. Bxe6 fxe6 17. f4 Bxc3 18. bxc3 e5 19. f5 e4 20. c4 Rad8 21. Ba3 Rf7 22. g5 Ne8 23. c5 Qe5 24. Bb2 Qxc5 25. Bd4 Qa5 26. Qg4 Rd5 27. Qxe4 Nd6 28. Qe6 Nxf5 29. e4 Qd2 30. Rad1 Qxg5+ 31. Kh1 Rd6 32. Rxf5 Rxe6 33. Rxg5 h6 34. Re5 Rxe5 35. Bxe5 Re7 36. Bc3 a5 37. e5 b5 38. axb5 cxb5 39. Rd8+ Kf7 40. Ra8 b4 41. Ba1 Rc7 42. Kg2 b3 43. Bd4 Rc2+ 44. Kg3 Rc4 45. Bb2 a4 46. Ra6 Rc2 47. e6+ Kg6 48. e7+ Kf7 49. Ba3 b2 50. Ra8 Re2 51. Bxb2 Rxe7 52. Rxa4 Rb7 53. Bd4 Kg6 54. Ra7 Rxa7 55. Bxa7 Kg5 56. Bd4 g6 57. Be3+ Kh5 58. h3 g5 59. Kf3 Kh4 60. Kg2 Kh5 61. Bf2 Kg6 62. Kf3 Kf5 63. Ke3 h5 64. Be1 h4 65. Kf3 g4+ 66. hxg4+ Kg5 67. Bd2+ Kg6 68. Bf4 Kf6 69. Kg2 Kg6 70. Kh3 Kh7 71. Kxh4 Kg6 72. Be3 Kf7 73. Kg5 Kg7 74. Bg1 1-0

[Event "FIDE World Cup Mexico Qual"]
[Site "Mexico City"]
[Date "2021.05.27"]
[Round "3"]
[White "Cofre Archibold, Nestor"]
[Black "Venegas Ocampo, Pablo Juan Jose"]
[Result "1-0"]
[WhiteElo "2279"]
[BlackElo "2149"]
[PlyCount "105"]
[EventDate "2021.05.26"]
[EventType "swiss"]
[EventRounds "9"]
[EventCountry "MEX"]
[SourceTitle "CBM 202 Extra"]
[Source "ChessBase"]
[SourceDate "2021.07.31"]
[SourceVersion "1"]
[SourceVersionDate "2021.07.31"]
[SourceQuality "1"]

1. c4 e6 2. g3 d5 3. Bg2 Nf6 4. Nf3 Be7 5. 0-0 0-0 6. b3 c5 7. Bb2 Nc6 8. e3 a6 9. d4 Rb8 10. cxd5 exd5 11. dxc5 Bxc5 12. Nc3 Bg4 13. Ne2 Ne4 14. h3 Bxf3 15. Bxf3 Re8 16. Kh2 Qb6 17. Qxd5 Rbd8 18. Bxe4 Rxd5 19. Bxd5 Nb4 20. Bc4 Qg6 21. Rfc1 b5 22. Nf4 Qf5 23. Be2 Bd6 24. Bg4 Qe4 25. a3 Bxf4 26. axb4 Be5 27. Bxe5 Qxe5 28. Ra2 g6 29. Bf3 h5 30. h4 Qf6 31. Kg2 Re6 32. Bd5 Rd6 33. Rd2 Qd8 34. Rc5 Kg7 35. e4 g5 36. hxg5 Qxg5 37. Rd3 h4 38. Rf3 f6 39. Rf5 Qg4 40. Rf4 h3+ 41. Kh2 Qd1 42. Rc7+ Kg6 43. Bf7+ Kg5 44. Rh4 f5 45. f4+ Kf6 46. e5+ Kg7 47. Bh5+ Rd7 48. Bxd1 Rxc7 49. Rh5 Rc1 50. Rg5+ Kh6 51. Bh5 Rc3 52. e6 Re3 53. Bf7 1-0

[Event "Mexican op 64th"]
[Site "Aguascalientes"]
[Date "2018.03.28"]
[Round "2"]
[White "Venegas Ocampo, Pablo Juan Jose"]
[Black "Henriquez Villagra, Cristobal"]
[Result "0-1"]
[WhiteElo "2152"]
[BlackElo "2501"]
[PlyCount "76"]
[EventDate "2018.03.27"]
[EventType "swiss"]
[EventRounds "9"]
[EventCountry "MEX"]
[SourceTitle "EXT 2019"]
[Source "ChessBase"]
[SourceDate "2018.10.10"]
[SourceVersion "1"]
[SourceVersionDate "2018.10.10"]
[SourceQuality "1"]

1. Nf3 d5 2. c4 d4 3. e3 Nc6 4. exd4 Nxd4 5. Nxd4 Qxd4 6. Nc3 c6 7. Be2 Nh6 8. d3 Nf5 9. g4 Nh4 10. Rg1 h5 11. Be3 Qe5 12. Qd2 Bxg4 13. 0-0-0 Qa5 14. Bxg4 hxg4 15. Rxg4 Nf5 16. Bf4 g6 17. Re1 Bg7 18. Rg5 Bf6 19. Rg4 Rd8 20. Bg5 Bxg5 21. Qxg5 Rh5 22. Qf4 Rd4 23. Re4 Rxd3 24. Qb8+ Qd8 25. Qxb7 Rxh2 26. Re1 Kf8 27. Qxa7 Rd2 28. Ne4 Rd4 29. Qc5 Rh5 30. Nf6 Rxg4 31. Nxg4 Nd4 32. Qb4 c5 33. Qc3 Qd6 34. Qe3 f6 35. Qe4 Kf7 36. Ne3 Re5 37. Qh4 Kg7 38. Rg1 Ne2+ 0-1

[Event "Cuernavaca Sisniega Memorial"]
[Site "Cuernavaca"]
[Date "2014.05.02"]
[Round "6"]
[White "Venegas Ocampo, Pablo Juan Jose"]
[Black "Miranda Mesa, Elier"]
[Result "0-1"]
[WhiteElo "2242"]
[BlackElo "2449"]
[PlyCount "66"]
[EventDate "2014.04.29"]
[EventType "swiss"]
[EventRounds "9"]
[EventCountry "MEX"]
[SourceTitle "CBM 160 Extra"]
[Source "ChessBase"]
[SourceDate "2014.07.01"]
[SourceVersion "1"]
[SourceVersionDate "2014.07.01"]
[SourceQuality "1"]

1. Nf3 d5 2. c4 c6 3. d4 Nf6 4. Nc3 dxc4 5. a4 Na6 6. e3 Bg4 7. Bxc4 e6 8. Bxa6 bxa6 9. a5 Be7 10. Qa4 Bxf3 11. gxf3 Qc8 12. Qc4 Rb8 13. Ra4 0-0 14. 0-0 c5 15. dxc5 Bxc5 16. Rd1 Be7 17. Qf4 Qb7 18. Rc4 Qb3 19. Rdd4 Rfc8 20. Rc7 Rxc7 21. Qxc7 Qb7 22. Qf4 Bd8 23. Kg2 Bxa5 24. Qd6 Rc8 25. Bd2 Bb6 26. Rb4 Qa8 27. Qe5 Rd8 28. Be1 Qc6 29. Na4 Bc7 30. Qc5 Qxc5 31. Nxc5 Ba5 32. Nxa6 Bxb4 33. Nxb4 Rd1 0-1

[Event "MEX-ch"]
[Site "Mexico City"]
[Date "2008.08.25"]
[Round "7"]
[White "Gonzalez Zamora, Juan Carlos"]
[Black "Venegas Ocampo, Pablo Juan Jose"]
[Result "1-0"]
[WhiteElo "2559"]
[BlackElo "2273"]
[PlyCount "49"]
[EventDate "2008.08.22"]
[EventType "swiss"]
[EventRounds "9"]
[EventCountry "MEX"]
[SourceTitle "EXT 2009"]
[Source "ChessBase"]
[SourceDate "2008.11.26"]
[SourceVersion "1"]
[SourceVersionDate "2008.11.26"]
[SourceQuality "1"]

1. Nf3 c5 2. c4 Nf6 3. Nc3 b6 4. g3 g6 5. Bg2 Bb7 6. 0-0 Bg7 7. Re1 0-0 8. e4 d6 9. d4 cxd4 10. Nxd4 Nbd7 11. e5 dxe5 12. Bxb7 exd4 13. Bxa8 Qxa8 14. Qxd4 e5 15. Qd1 e4 16. Bf4 g5 17. Bd6 Re8 18. Qe2 Qc6 19. Rad1 Re6 20. Nd5 Ne5 21. Bxe5 Rxe5 22. Nxf6+ Bxf6 23. b3 Be7 24. Rd5 Re6 25. Qg4 1-0

[Event "Internet Section 17-B"]
[Site "Dos Hermanas"]
[Date "2003.03.17"]
[Round "3"]
[White "Venegas Ocampo, Pablo Juan Jose"]
[Black "Guseinov, Gadir"]
[Result "0-1"]
[WhiteElo "2164"]
[BlackElo "2505"]
[PlyCount "60"]
[EventDate "2003.03.17"]
[EventType "swiss (blitz)"]
[EventRounds "9"]
[EventCountry "ESP"]
[SourceTitle "EXT 2004"]
[Source "ChessBase"]
[SourceDate "2003.11.25"]
[SourceVersion "1"]
[SourceVersionDate "2003.11.25"]
[SourceQuality "1"]

1. d4 Nf6 2. c4 g6 3. Nc3 Bg7 4. e4 0-0 5. Nf3 d6 6. Be2 Bg4 7. 0-0 Nfd7 8. Ne1 Bxe2 9. Nxe2 c5 10. Be3 Nc6 11. a3 a6 12. Rc1 Qc7 13. Nd3 cxd4 14. Bd2 Nc5 15. Nb4 Nxb4 16. Bxb4 e5 17. f4 Rfe8 18. f5 Nxe4 19. fxg6 hxg6 20. Qd3 Nc5 21. Qf3 e4 22. Qg3 a5 23. Be1 d3 24. Nf4 e3 25. Nd5 d2 26. Nxc7 dxc1Q 27. Qf3 Re7 28. Bc3 Qxf1+ 29. Qxf1 e2 30. Qe1 Bxc3 0-1

[Event "Internet Section 14-B"]
[Site "Dos Hermanas"]
[Date "2003.03.14"]
[Round "2"]
[White "Venegas Ocampo, Pablo Juan Jose"]
[Black "Baches Garcia, Guillermo"]
[Result "1-0"]
[WhiteElo "2164"]
[BlackElo "2397"]
[PlyCount "63"]
[EventDate "2003.03.14"]
[EventType "swiss (blitz)"]
[EventRounds "9"]
[EventCountry "ESP"]
[SourceTitle "EXT 2004"]
[Source "ChessBase"]
[SourceDate "2003.11.25"]
[SourceVersion "1"]
[SourceVersionDate "2003.11.25"]
[SourceQuality "1"]

1. d4 d5 2. c4 Nc6 3. cxd5 Qxd5 4. e3 e5 5. Nc3 Bb4 6. Nge2 exd4 7. Nxd4 Nxd4 8. exd4 Nf6 9. Qa4+ c6 10. Qxb4 Qf5 11. Be3 a5 12. Qc5 Qc2 13. Nd5 Qxc5 14. Nxf6+ gxf6 15. dxc5 0-0 16. Be2 Be6 17. 0-0 f5 18. Rfd1 a4 19. Rd4 a3 20. b3 Kg7 21. Bc4 Kf6 22. Rad1 h5 23. h4 Rg8 24. Bg5+ Kg6 25. Rd6 Rge8 26. Re1 Kg7 27. Bxe6 fxe6 28. Rexe6 Kf7 29. Rf6+ Kg7 30. Rd7+ Kg8 31. Rg6+ Kf8 32. Bh6# 1-0